| 000 | 00635nam a2200229Ia 4500 | ||
|---|---|---|---|
| 008 | 191119s9999 xx 000 0 und d | ||
| 020 | _a978-984-31-3529-1 | ||
| 050 | _aMAIN G 155.A1 | ||
| 050 | _b.T68 2019 | ||
| 245 | 0 | _aTourism : | |
| 245 | 0 | _bprinciples and practice / | |
| 245 | 0 | _cJohn Fletcher, Alan Fyall, David Gilbert, Stephen Wanhill. | |
| 250 | _a6th Edition | ||
| 260 | _aSingapore : | ||
| 260 | _bPearson Education South Asia, | ||
| 260 | _c2019 | ||
| 300 | _a636 pages : | ||
| 300 | _billustrations ; | ||
| 300 | _c27 cm. | ||
| 500 | _aIncludes bibliographic references and index. | ||
| 650 | _aTourism. | ||
| 999 |
_c363089 _d363089 |
||